MARC

LEADER 00000nam0a2200000 4500
001 219895
005 20231031195229.0
010 |a 5229003375 
020 |a RU  |b 90-8981 
035 |a (RuTPU)RU\TPU\book\239999 
090 |a 219895 
100 |a 20120726d1989 km y0rusy5003 ca 
101 0 |a rus 
102 |a RU 
105 |a a z 001zy 
200 1 |a Совершенствование и оптимизация технологии подготовки углей для коксования  |f А. С. Жидко 
210 |a Челябинск  |c Металлургия  |c Челяб. отд-ние  |d 1989 
215 |a 182,[1] с.  |c ил.  |d 22 см 
320 |a Библиогр.: с. 180-183 (82 назв.). 
610 1 |a коксохимические заводы 
610 1 |a технологическая подготовка 
610 1 |a производственный процесс 
610 1 |a коксование 
610 1 |a уголь 
610 1 |a подготовка 
610 1 |a оптимизация 
610 1 |a обогащение 
675 |a 662.74.013  |z rus 
700 1 |a Жидко  |b А. С.  |g Анатолий Сергеевич  |4 070 
801 0 |a RU  |b RuMRKP  |c 19950417  |g psbo 
801 1 |a RU  |b 63413507  |c 20120726 
801 2 |a RU  |b 63413507  |c 20150409  |g RCR 
942 |c BK